The Fall of Troy (Record no. 230009)
[ view plain ]
| 000 -LEADER | |
|---|---|
| fixed length control field | 00823cam a22002653a 4500 |
| 001 - CONTROL NUMBER | |
| control field | 658 |
| 003 - CONTROL NUMBER IDENTIFIER | |
| control field | PGUSA |
| 005 - DATE AND TIME OF LATEST TRANSACTION | |
| control field | 20140828082951.0 |
| 008 - FIXED-LENGTH DATA ELEMENTS--GENERAL INFORMATION | |
| fixed length control field | 960901s1996||||xxu|||||s|||||000 p eng d |
| 040 ## - CATALOGING SOURCE | |
| Original cataloging agency | PGUSA |
| Language of cataloging | eng |
| 042 ## - AUTHENTICATION CODE | |
| Authentication code | dc |
| 050 #4 - LIBRARY OF CONGRESS CALL NUMBER | |
| Classification number | PA |
| 100 1# - MAIN ENTRY--PERSONAL NAME | |
| Personal name | Quintus, Smyrnaeus, active 4th century |
| 245 14 - TITLE STATEMENT | |
| Title | The Fall of Troy |
| Medium | [electronic resource] / |
| Statement of responsibility, etc | Smyrnaeus, active 4th century Quintus |
| 260 ## - PUBLICATION, DISTRIBUTION, ETC. (IMPRINT) | |
| Name of publisher, distributor, etc | Project Gutenberg, |
| Date of publication, distribution, etc | 1996 |
| 506 ## - RESTRICTIONS ON ACCESS NOTE | |
| Terms governing access | Public domain in the USA. |
| 516 ## - TYPE OF COMPUTER FILE OR DATA NOTE | |
| Type of computer file or data note | Electronic text |
| 653 ## - INDEX TERM--UNCONTROLLED | |
| Uncontrolled term | Epic poetry, Greek -- Translations into English |
| 653 ## - INDEX TERM--UNCONTROLLED | |
| Uncontrolled term | Trojan War -- Poetry |
| 653 ## - INDEX TERM--UNCONTROLLED | |
| Uncontrolled term | Troy (Extinct city) -- Poetry |
| 700 1# - ADDED ENTRY--PERSONAL NAME | |
| Personal name | Way, Arthur S. |
| Fuller form of name | (Arthur Sanders), |
| Dates associated with a name | 1847-1930 |
| 830 #0 - SERIES ADDED ENTRY--UNIFORM TITLE | |
| Uniform title | Project Gutenberg |
| Volume number/sequential designation | 658 |
| 856 40 - ELECTRONIC LOCATION AND ACCESS | |
| Uniform Resource Identifier | <a href="http://www.gutenberg.org/ebooks/658">http://www.gutenberg.org/ebooks/658</a> |
| 942 ## - ADDED ENTRY ELEMENTS (KOHA) | |
| Koha item type | eBooks |
| Withdrawn status | Lost status | Damaged status | Home library | Current library | Date acquired | Total Checkouts | Date last seen | Price effective from | Koha item type |
|---|---|---|---|---|---|---|---|---|---|
| Project Gutenberg | Project Gutenberg | 08/28/2014 | 08/28/2014 | 08/28/2014 | eBooks |